Recognising wood rot and insect damage in buildings. (Record no. 103030)

MARC details
000 -LEADER
fixed length control field 02241cam a2200421 4500
008 - FIXED-LENGTH DATA ELEMENTS--GENERAL INFORMATION
fixed length control field #DATE n2003 000 0 eng u
020 ## - INTERNATIONAL STANDARD BOOK NUMBER
International Standard Book Number 1860816037
035 ## - SYSTEM CONTROL NUMBER
System control number (Sirsi) u123386
041 ## - LANGUAGE CODE
Language code of text/sound track or separate title eng
050 ## - LIBRARY OF CONGRESS CALL NUMBER
Classification number 694.012
-- 18
100 ## - MAIN ENTRY--PERSONAL NAME
Personal name Bravery, A. F.
245 ## - TITLE STATEMENT
Title Recognising wood rot and insect damage in buildings.
250 ## - EDITION STATEMENT
Edition statement 3rd ed.
260 ## - PUBLICATION, DISTRIBUTION, ETC.
Place of publication, distribution, etc. Garston, Watford
Name of publisher, distributor, etc. Building Research Establishment
Date of publication, distribution, etc. 2003
300 ## - PHYSICAL DESCRIPTION
Extent vi,126p. : ill. ; 20cm.
350 ## - PRICE (NR) (BK AM CF MU VM SE) [OBSOLETE]
Price 22.50
520 ## - SUMMARY, ETC.
Summary, etc. This new edition has been improved by addition of guidance on types of fungal growths which, though less regularly encountered in buildings, nonetheless confuse correct identification and mislead diagnosis. It also has a short section on termites to provide reassurance on recognition and appropriate action should there be suspicion of a rare introduction. Since the first edition was published, there has been a greatly increased emphasis on conservation, repair and refurbishment of timber in buildings. There has also been an increasing desire to avoid the risk of excessive use of remedial preservatives by implementing environmental control strategies to bring decay and insect attack under control. These strategies depend critically on correct diagnosis to prevent inappropriate or unnecessary use of pesticides against extinct attack by wood borers, harmless insects or extinct fungal damage. This book retains its highly popular format (spiral-bound) giving clear and authoritative guidance on the process of inspecting buildings for timber damage and on the identification of causal agencies. [BRE]
650 ## - SUBJECT ADDED ENTRY--TOPICAL TERM
Topical term or geographic name entry element ALGAL GROWTH
650 ## - SUBJECT ADDED ENTRY--TOPICAL TERM
Topical term or geographic name entry element BLUE STAIN IN SERVICE
650 ## - SUBJECT ADDED ENTRY--TOPICAL TERM
Topical term or geographic name entry element DECAY
650 ## - SUBJECT ADDED ENTRY--TOPICAL TERM
Topical term or geographic name entry element BUILT ENVIRONMENT-BUILDING PATHOLOGY-INFESTATION (FUNGAL)-FUNGI-DRY ROT
650 ## - SUBJECT ADDED ENTRY--TOPICAL TERM
Topical term or geographic name entry element FUNGI
650 ## - SUBJECT ADDED ENTRY--TOPICAL TERM
Topical term or geographic name entry element INSECT DAMAGE
650 ## - SUBJECT ADDED ENTRY--TOPICAL TERM
Topical term or geographic name entry element MOULD
650 ## - SUBJECT ADDED ENTRY--TOPICAL TERM
Topical term or geographic name entry element REMEDIAL TREATMENT
650 ## - SUBJECT ADDED ENTRY--TOPICAL TERM
Topical term or geographic name entry element TERMITES
650 ## - SUBJECT ADDED ENTRY--TOPICAL TERM
Topical term or geographic name entry element TIMBER
650 ## - SUBJECT ADDED ENTRY--TOPICAL TERM
Topical term or geographic name entry element WET ROT
650 ## - SUBJECT ADDED ENTRY--TOPICAL TERM
Topical term or geographic name entry element WOOD ROT
650 ## - SUBJECT ADDED ENTRY--TOPICAL TERM
Topical term or geographic name entry element WOOD-BORING INSECTS
690 ## - LOCAL SUBJECT ADDED ENTRY--TOPICAL TERM (OCLC, RLIN)
Topical term or geographic name as entry element BUILT ENVIRONMENT-BUILDING PATHOLOGY
700 ## - ADDED ENTRY--PERSONAL NAME
Personal name Berry, R.W.
700 ## - ADDED ENTRY--PERSONAL NAME
Personal name Carey, J.K.
700 ## - ADDED ENTRY--PERSONAL NAME
Personal name Cooper, D.E.
710 ## - ADDED ENTRY--CORPORATE NAME
Corporate name or jurisdiction name as entry element Building Research Establishment
942 ## - ADDED ENTRY ELEMENTS (KOHA)
Suppress in OPAC 0
Holdings
Withdrawn status Lost status Source of classification or shelving scheme Damaged status Not for loan Home library Current library Shelving location Date acquired Cost, normal purchase price Total Checkouts Full call number Barcode Date last seen Date last checked out Copy number Cost, replacement price Price effective from Koha item type
    Dewey Decimal Classification     London London Books 08/01/2004 29.75 17 694.012 BRA 30068968 06/08/2019 21/05/2009 1 29.75 06/08/2019 Book